Message In A Bottle (TV) - Taylor Swift (All Lyrics) - Statistics

General Stats
  • This quiz has been taken 117 times
  • The average score is 351 of 397
Answer Stats
Lyrics % Correct
I
100%
(I
100%
a
97%
A
97%
be
97%
could
97%
me
97%
me,
97%
that
97%
the
97%
you
97%
you,
97%
You
97%
you)
97%
bottle
95%
here
95%
here,
95%
in
95%
is
95%
it
95%
(It
95%
love
95%
love,
95%
(Love)
95%
message
95%
one
95%
standin'
95%
Standin'
95%
all
93%
And
93%
and
93%
can
93%
do
93%
hopin'
93%
know
93%
to
93%
gets
92%
like
92%
dream
90%
I'm
90%
it's
90%
'Cause
88%
'cause
88%
of
88%
(Of)
88%
for
87%
now,
85%
now
85%
how
82%
How
82%
so
82%
your
80%
you're
80%
can't
78%
I'll
78%
kinda
78%
waitin',
78%
waitin'
78%
Where
78%
are
77%
But
77%
see
77%
away
75%
down
75%
If
75%
ever
73%
far
73%
London?
73%
(London)
73%
reachin'
73%
reason
73%
sleep
73%
terrified
73%
terrified,
73%
at
72%
(At)
72%
By
72%
Feelin'
72%
frightenin'
72%
wonderin'
72%
(Wonderin')
72%
again?
70%
eyes,
70%
face
70%
crowd
68%
night
67%
night)
67%
while
67%
(Ah)
65%
bright
65%
freckles
65%
hypnotized
63%
(Yeah,
62%
yeah)
62%
keep,
60%
These
60%
faster
58%
look
58%
days
57%
disaster
57%
laughter,
57%
tongue-tied
57%
were
57%
endless,
55%
made
55%
moves
55%
My
55%
Replayin'
55%
restless
55%
this
55%
time
55%
Workdays
52%
became
50%
mmm
42%
No matching quizzes found
Score Distribution
Percent of People with Each Score
Percentile by Number Answered
Your Score History
You have not taken this quiz